Un lupo mannaro americano a Londra /

保存先:
書誌詳細
第一著者: Bernstein, Elmer (作曲家)
その他の著者: Agutter, Jenny (俳優), Naughton, David (俳優), Dunne, Griffin (俳優), Woodvine, John (俳優), Landis, John (デイレクター)
フォーマット: スライド
言語:イタリア語
出版事項: [Roma] : L'Unità, 1996
シリーズ:Americana ; 28
タグ: タグ追加
タグなし, このレコードへの初めてのタグを付けませんか!

MARC

LEADER 00000ngm a22000007i 4500
001 IT\ICCU\RAV\0278956
003 ItRI
005 20260124182851.0
008 960913s1996 it |||||||||||||||k|||||c
040 |b ita 
041 7 |a ita  |2 ISO-639-2 
082 |a 791.43616H  |9 CINEMA. TIPI DI FILM. FILM DELL'ORRORE, NERI  |2 20 
130 3 |a An American werewolf in London <film ; 1981>  |3 IT\ICCU\RAV\0249613 
245 0 3 |a Un lupo mannaro americano a Londra /  |c scritto e diretto da John Landis ; musiche originali di Elmer Bernstein. 
246 1 3 |a Un lupo mannaro americano a Londra <videoregistrazione>  |9 IT\ICCU\RAV\1099115 
260 |a [Roma] :  |b L'Unità,  |c 1996 
300 |a 1 videocassetta (VHS) (94 min.) :  |b color. ;  |c 19 cm +  |e 1 pieghevole ([8] p. ill : 17 x 40 cm, ripiegato, 17 x 10 cm) 
500 |a Tit. del contenitore 
500 |a Film del 1981, USA; ©1981 Lycanthrope; ©1996 Polygram Video 
500 |a Interpreti: David Naughton, Jenny Agutter, Griffin Dunne, John Woodvine 
500 |a Suppl. a: L'Unità n. 65 del 16/3/96 
500 |a Vietato ai minori di 18 anni. 
700 1 |a Agutter, Jenny  |0 IT\ICCU\MILV\088427  |4 act 
700 1 |a Bernstein, Elmer  |0 IT\ICCU\RAVV\089844  |4 cmp 
700 1 |a Naughton, David  |0 IT\ICCU\RAVV\091101  |4 act 
700 1 |a Dunne, Griffin  |0 IT\ICCU\RAVV\091102  |4 act 
700 1 |a Woodvine, John  |0 IT\ICCU\RAVV\345262  |4 act 
700 1 |a Landis, John  |0 IT\ICCU\VEAV\029078  |4 drt 
790 1 |a Bernstein, E.  |3 IT\ICCU\SBNV\093536  |z Bernstein, Elmer 
830 0 |a Americana ;  |v 28  |0 IT\ICCU\RAV\0278880 
942 |2 ddc  |c VM  |n 0 
952 |0 0  |1 0  |4 0  |6 VO_828_000000000000000  |7 0  |9 27252  |a BO  |b BO  |d 2026-01-24  |i 7785  |l 0  |o VO 828  |p BO7785  |r 2026-01-24 18:28:51  |w 2026-01-24  |x [Sebina 5] [1 videocassetta]  |y VM  |z 1 videocassetta 
999 |c 23071  |d 23071